[Event "WchT Seniors 50"]
[Site "Prague"]
[Date "2020.03.08"]
[Round "3.1"]
[White "Farrell, Neil"]
[Black "Sergeyev, Alexander"]
[Result "1/2-1/2"]
[WhiteElo "2183"]
[BlackElo "2398"]
[PlyCount "118"]
[EventDate "2020.03.06"]
[EventType "team-swiss"]
[EventRounds "7"]
[EventCountry "CZE"]
[SourceTitle "CBM 195 Extra"]
[Source "ChessBase"]
[SourceDate "2020.05.31"]
[SourceVersion "1"]
[SourceVersionDate "2020.05.31"]
[SourceQuality "1"]
[WhiteTeam "Scotland 50"]
[BlackTeam "Russia 50"]
[WhiteTeamCountry "SCO"]
[BlackTeamCountry "RUS"]

1. d4 d5 2. c4 c6 3. Nf3 Nf6 4. e3 Bf5 5. Nc3 e6 6. Nh4 Bg4 7. Qb3 Qc7 8. h3 Bh5 9. g4 Bg6 10. Nxg6 hxg6 11. Bg2 Nbd7 12. g5 dxc4 13. Qxc4 Nd5 14. Bd2 N7b6 15. Qe2 Be7 16. f4 0-0-0 17. 0-0-0 Kb8 18. Kb1 Nxc3+ 19. Bxc3 Nd5 20. Bd2 c5 21. Rc1 Qb6 22. e4 Nc7 23. dxc5 Bxc5 24. Rxc5 Qxc5 25. Bc3 Rd7 26. Rc1 Rhd8 27. Be5 Qb6 28. Qc4 Rd6 29. Bxd6 Rxd6 30. Qc3 Rc6 31. Qd2 Rxc1+ 32. Kxc1 Nb5 33. e5 Nd4 34. b3 a5 35. Be4 Qc5+ 36. Kd1 b6 37. Ke1 Kc7 38. Kd1 Nb5 39. Ke2 Qc3 40. Bd3 Nd4+ 41. Kd1 Qc5 42. Qc1 Kc6 43. Be4+ Kb5 44. Bd3+ Kc6 45. Be4+ Kc7 46. Qxc5+ bxc5 47. Bd3 Nc6 48. Bb5 Nb4 49. Ke2 Kd8 50. a4 Nd5 51. Kf3 Nc3 52. Ke3 Nd5+ 53. Ke4 Ke7 54. Bc6 Nb6 55. Bb5 Nd5 56. Bc6 Nb6 57. Bb5 Kd8 58. Kd3 Ke7 59. Ke4 Nd5 1/2-1/2

[Event "Wch Seniors 50 28th"]
[Site "Bled"]
[Date "2018.11.23"]
[Round "6"]
[White "Farrell, Neil"]
[Black "Van der Werf, Mark"]
[Result "0-1"]
[WhiteElo "2117"]
[BlackElo "2402"]
[PlyCount "36"]
[EventDate "2018.11.18"]
[EventType "swiss"]
[EventRounds "11"]
[EventCountry "SLO"]
[SourceTitle "CBM 187 Extra"]
[Source "ChessBase"]
[SourceDate "2018.11.04"]
[SourceVersion "1"]
[SourceVersionDate "2018.11.04"]
[SourceQuality "1"]

1. d4 Nf6 2. c4 e6 3. g3 c5 4. d5 exd5 5. cxd5 d6 6. Nc3 g6 7. Bg2 Bg7 8. Nf3 0-0 9. 0-0 Re8 10. Bf4 Bf5 11. Ne1 Qb6 12. e4 Bxe4 13. Bxe4 Nxe4 14. Qa4 Nf6 15. Ng2 Na6 16. Rfe1 Qxb2 17. Rac1 Rxe1+ 18. Nxe1 Nb4 0-1

[Event "London Classic op"]
[Site "London"]
[Date "2011.12.05"]
[Round "3"]
[White "Farrell, Neil"]
[Black "Phillips, Owen S"]
[Result "1-0"]
[WhiteElo "2181"]
[BlackElo "1959"]
[PlyCount "81"]
[EventDate "2011.12.03"]
[EventType "swiss"]
[EventRounds "9"]
[EventCountry "ENG"]
[SourceTitle "CBM 145 Extra"]
[Source "ChessBase"]
[SourceDate "2012.01.03"]
[SourceVersion "1"]
[SourceVersionDate "2012.01.03"]
[SourceQuality "1"]

1. d4 d5 2. c4 e6 3. Nf3 c6 4. Qc2 f5 5. g3 Nf6 6. Bg2 Bd6 7. 0-0 0-0 8. Nc3 Nbd7 9. cxd5 Nxd5 10. e4 Nxc3 11. bxc3 fxe4 12. Ng5 Nf6 13. Nxe4 Nxe4 14. Bxe4 g6 15. Bh6 Rf5 16. Bxf5 gxf5 17. Qd2 Be7 18. Rfe1 Bf6 19. Rab1 b6 20. Bf4 Kf7 21. Qe2 Kg6 22. Be5 Bg5 23. g4 a5 24. c4 Ra7 25. h3 Rd7 26. f4 Bh4 27. Red1 Bb7 28. g5 h6 29. Bf6 Qg8 30. Rxb6 hxg5 31. fxg5 Qf7 32. Qe3 e5 33. d5 Qh7 34. Kh2 Qh5 35. Rf1 f4 36. Rxf4 Bxg5 37. Bxg5 exf4 38. Bxf4 Rf7 39. dxc6 Rxf4 40. cxb7+ Kf7 41. b8Q 1-0

[Event "London Classic op"]
[Site "London"]
[Date "2011.12.03"]
[Round "1"]
[White "Farrell, Neil"]
[Black "Rutten, David"]
[Result "0-1"]
[WhiteElo "2181"]
[BlackElo "1861"]
[PlyCount "80"]
[EventDate "2011.12.03"]
[EventType "swiss"]
[EventRounds "9"]
[EventCountry "ENG"]
[SourceTitle "CBM 145 Extra"]
[Source "ChessBase"]
[SourceDate "2012.01.03"]
[SourceVersion "1"]
[SourceVersionDate "2012.01.03"]
[SourceQuality "1"]

1. d4 c5 2. d5 Nf6 3. c4 b5 4. cxb5 a6 5. e3 g6 6. Nc3 d6 7. Nf3 Bg7 8. a4 0-0 9. e4 Nbd7 10. Ra3 Ng4 11. Be2 Qc7 12. Nd2 Nh6 13. 0-0 f5 14. Nf3 fxe4 15. Ng5 Nf6 16. bxa6 Nf5 17. Nb5 Qd8 18. a7 h6 19. Ne6 Bxe6 20. dxe6 d5 21. f3 Nd6 22. Bf4 Nxb5 23. axb5 d4 24. fxe4 Nxe4 25. Qd3 Qd5 26. Bb8 Rxf1+ 27. Kxf1 c4 28. Qh3 d3 29. Bxd3 cxd3 30. Rxd3 Qxb5 31. Ke1 Qxb2 32. Qf3 Qb4+ 33. Ke2 Bf6 34. Rd8+ Kg7 35. Qd3 Nc5 36. Qd5 Qb2+ 37. Kf3 Qc3+ 38. Kf2 Qc2+ 39. Ke1 Ne4 40. Kf1 Qf2# 0-1

[Event "SCO-ch"]
[Site "Edinburgh"]
[Date "2009.07.19"]
[Round "9"]
[White "Farrell, Neil"]
[Black "Berry, Neil"]
[Result "1/2-1/2"]
[WhiteElo "2191"]
[BlackElo "2313"]
[PlyCount "44"]
[EventDate "2009.07.11"]
[EventType "swiss"]
[EventRounds "9"]
[EventCountry "SCO"]
[SourceTitle "CBM 131 Extra"]
[Source "ChessBase"]
[SourceDate "2009.09.03"]
[SourceVersion "2"]
[SourceVersionDate "2009.09.16"]
[SourceQuality "1"]

1. d4 Nf6 2. c4 e6 3. Nc3 Bb4 4. Qc2 d5 5. a3 Bxc3+ 6. Qxc3 Ne4 7. Qc2 c5 8. dxc5 Nc6 9. e3 Qa5+ 10. Bd2 Nxd2 11. Qxd2 dxc4 12. Qxa5 Nxa5 13. Rc1 b5 14. cxb6 Bb7 15. bxa7 0-0 16. Nf3 Bxf3 17. gxf3 Rxa7 18. Be2 Rb8 19. 0-0 Rxb2 20. Bxc4 Nxc4 21. Rxc4 g6 22. a4 Ra2 1/2-1/2

[Event "Perth op"]
[Site "Perth"]
[Date "2009.01.31"]
[Round "2"]
[White "Farrell, Neil"]
[Black "McClement, Andrew"]
[Result "1-0"]
[WhiteElo "2257"]
[BlackElo "1939"]
[PlyCount "87"]
[EventDate "2009.01.30"]
[EventType "swiss"]
[EventRounds "5"]
[EventCountry "SCO"]
[SourceTitle "EXT 2011"]
[Source "ChessBase"]
[SourceDate "2010.11.26"]
[SourceVersion "1"]
[SourceVersionDate "2010.11.26"]
[SourceQuality "1"]

1. d4 Nf6 2. c4 e6 3. Nc3 Bb4 4. Qc2 d5 5. cxd5 exd5 6. Bg5 0-0 7. e3 c6 8. Bd3 h6 9. Bh4 Re8 10. Nf3 Bd6 11. Bg3 Ng4 12. Bxd6 Qxd6 13. 0-0-0 a5 14. h3 Nf6 15. g4 Na6 16. Ne5 Nb4 17. Qe2 Ne4 18. Bxe4 dxe4 19. a3 Nd5 20. Nxe4 Qe7 21. g5 hxg5 22. h4 g4 23. Ng5 f5 24. f4 b6 25. h5 Ba6 26. Qd2 Qf6 27. Kb1 Ra7 28. Rh4 Rc7 29. Rdh1 Qh6 30. Rc1 Qf6 31. h6 gxh6 32. Rch1 Kg7 33. Rxh6 Qxh6 34. Rxh6 Kxh6 35. Qh2+ Kg7 36. Qh7+ Kf6 37. Qg6+ Ke7 38. Qe6+ Kd8 39. Ngf7+ Rxf7 40. Nxf7+ Kc7 41. Qxe8 Bd3+ 42. Kc1 g3 43. Qd8+ Kb7 44. Qg5 1-0

[Event "Grangemouth op"]
[Site "Grangemouth"]
[Date "2008.09.07"]
[Round "4"]
[White "Farrell, Neil"]
[Black "O'Donnell, Matthew"]
[Result "1-0"]
[WhiteElo "2257"]
[BlackElo "1839"]
[PlyCount "109"]
[EventDate "2008.09.05"]
[EventType "swiss"]
[EventRounds "5"]
[EventCountry "SCO"]
[SourceTitle "EXT 2011"]
[Source "ChessBase"]
[SourceDate "2010.11.26"]
[SourceVersion "1"]
[SourceVersionDate "2010.11.26"]
[SourceQuality "1"]

1. d4 Nf6 2. c4 e6 3. Nc3 d5 4. cxd5 exd5 5. Bg5 Be7 6. e3 0-0 7. Bd3 h6 8. Bh4 c6 9. Qc2 Re8 10. Nge2 Be6 11. 0-0 Nbd7 12. h3 c5 13. Nf4 Nf8 14. Bxf6 Bxf6 15. dxc5 Rc8 16. Nb5 b6 17. c6 a6 18. Nd4 Bxd4 19. exd4 b5 20. Rfc1 Qd6 21. Ne2 Rc7 22. Qc5 Qxc5 23. Rxc5 Rec8 24. Rac1 g5 25. a4 bxa4 26. Bxa6 Ra8 27. Bb5 a3 28. bxa3 Rxa3 29. Nc3 Ra5 30. Rc2 Ng6 31. Ra2 Rxa2 32. Nxa2 Nf4 33. Nb4 Kf8 34. Ba6 Ke7 35. Kf1 Kd6 36. Bb7 Bc8 37. Bxc8 Rxc8 38. g3 Nxh3 39. Rxd5+ Ke6 40. Kg2 g4 41. Rh5 Rc7 42. Rxh6+ f6 43. Rxf6+ Kxf6 44. Nd5+ Ke6 45. Nxc7+ Kd6 46. Ne8+ Kxc6 47. f4 Kd5 48. Nf6+ Kxd4 49. Nxg4 Nxf4+ 50. gxf4 Ke4 51. Kg3 Kf5 52. Ne3+ Kf6 53. Kg4 Kg6 54. Nd5 Kf7 55. Kf5 1-0

[Event "Calvia op 4th"]
[Site "Calvia"]
[Date "2007.10.21"]
[Round "7"]
[White "Jedynak, Radoslaw"]
[Black "Farrell, Neil"]
[Result "1-0"]
[WhiteElo "2543"]
[BlackElo "2194"]
[PlyCount "63"]
[EventDate "2007.10.15"]
[EventType "swiss"]
[EventRounds "9"]
[EventCountry "ESP"]
[SourceTitle "CBM 120 Extra"]
[Source "ChessBase"]
[SourceDate "2007.11.01"]
[SourceVersion "1"]
[SourceVersionDate "2007.11.01"]
[SourceQuality "1"]

1. e4 e6 2. d4 d5 3. Nd2 Be7 4. e5 Nh6 5. Bd3 Nc6 6. c3 f6 7. f4 Nf7 8. Ndf3 b6 9. Ne2 f5 10. Be3 Bb7 11. 0-0 Qd7 12. a3 h6 13. b4 g5 14. c4 g4 15. Nd2 dxc4 16. Bxc4 Bf8 17. Qb3 Ncd8 18. Nc3 c6 19. b5 c5 20. dxc5 Bxc5 21. Bxc5 bxc5 22. Rf2 g3 23. hxg3 Rg8 24. Nf1 Qe7 25. Be2 h5 26. Bxh5 Rh8 27. Qd1 Qf8 28. g4 Qh6 29. Ng3 Rg8 30. g5 Qg7 31. Rd2 Bc8 32. Rxd8+ 1-0

[Event "Calvia op 4th"]
[Site "Calvia"]
[Date "2007.10.18"]
[Round "4"]
[White "Farrell, Neil"]
[Black "Gonzalez Rodriguez, Jorge Armando"]
[Result "1-0"]
[WhiteElo "2194"]
[BlackElo "2405"]
[PlyCount "90"]
[EventDate "2007.10.15"]
[EventType "swiss"]
[EventRounds "9"]
[EventCountry "ESP"]
[SourceTitle "CBM 120 Extra"]
[Source "ChessBase"]
[SourceDate "2007.11.01"]
[SourceVersion "1"]
[SourceVersionDate "2007.11.01"]
[SourceQuality "1"]

1. d4 Nf6 2. c4 c5 3. d5 e5 4. Nc3 d6 5. e4 g6 6. Be2 Bg7 7. g4 h5 8. g5 Nh7 9. h4 f6 10. Nh3 Bxh3 11. Rxh3 fxg5 12. Bxh5 gxh5 13. Qxh5+ Ke7 14. Qg6 Qg8 15. hxg5 Nf8 16. Qf5 Rxh3 17. Qxh3 Nbd7 18. Be3 a6 19. 0-0-0 Qf7 20. Ne2 Kd8 21. Ng3 Kc7 22. Nf5 b5 23. Qf1 bxc4 24. Qxc4 Nb6 25. Qc3 Nfd7 26. b4 Bf8 27. Kb1 Kb7 28. Rc1 Rc8 29. Qa3 c4 30. Qa5 Qh5 31. Ng3 Qe8 32. Nf5 c3 33. b5 axb5 34. Qxb5 Rc4 35. Bxb6 Qc8 36. Bc5+ Kc7 37. Qxc4 Nxc5 38. Rxc3 Qb7+ 39. Rb3 Qa7 40. Rh3 Qa5 41. Rc3 Kd8 42. g6 Qa7 43. g7 Bxg7 44. Nxd6 Nd7 45. Qc8+ Ke7 1-0